Yankees Jersey Quiz - Statistics

General Stats
  • This quiz has been taken 195 times
  • The average score is 12 of 15
Answer Stats
Hint Answer % Correct
A.Judge 99
99%
B.Gardner 11
94%
D.Gregorius 18
86%
J.Ellsbury 22
86%
S.Castro 14
84%
G.Bird 33
84%
C.Headley 12
83%
M.Tanaka 19
81%
C.Sabathia 52
81%
L.Serverino 40
78%
A.Chapman 54
78%
D.Betances 68
78%
A.Warren 43
66%
T.Clippard 29
64%
K.Higashioka 38
61%
No matching quizzes found
Score Distribution
Percent of People with Each Score
Percentile by Number Answered
Your Score History
You have not taken this quiz